| 000 -LEADER |
| fixed length control field |
01836cam a2200385 a 4500 |
| 001 - CONTROL NUMBER |
| control field |
12702925 |
| 003 - CONTROL NUMBER IDENTIFIER |
| control field |
OSt |
| 005 - DATE AND TIME OF LATEST TRANSACTION |
| control field |
20170207102844.0 |
| 008 - FIXED-LENGTH DATA ELEMENTS--GENERAL INFORMATION |
| fixed length control field |
020313s2001 ctua bc 001 0 eng |
| 010 ## - LIBRARY OF CONGRESS CONTROL NUMBER |
| LC control number |
2002278895 |
| 015 ## - NATIONAL BIBLIOGRAPHY NUMBER |
| National bibliography number |
GBA1-W4643 |
| 020 ## - INTERNATIONAL STANDARD BOOK NUMBER |
| International Standard Book Number |
0300092229 |
| 035 ## - SYSTEM CONTROL NUMBER |
| System control number |
(OCoLC)ocm47677871 |
| 040 ## - CATALOGING SOURCE |
| Original cataloging agency |
UKM |
| Transcribing agency |
UKM |
| Modifying agency |
OCLCQ |
| -- |
TXH |
| -- |
IXA |
| -- |
DLC |
| 042 ## - AUTHENTICATION CODE |
| Authentication code |
lccopycat |
| 043 ## - GEOGRAPHIC AREA CODE |
| Geographic area code |
e-uk--- |
| -- |
n-us--- |
| 050 00 - LIBRARY OF CONGRESS CALL NUMBER |
| Classification number |
ND464 |
| Item number |
.W35 2001 |
| 082 00 - DEWEY DECIMAL CLASSIFICATION NUMBER |
| Classification number |
759.2/074/73 |
| Edition number |
21 |
| 100 1# - MAIN ENTRY--PERSONAL NAME |
| Personal name |
Warner, Malcolm, |
| Dates associated with a name |
1953- |
| 245 10 - TITLE STATEMENT |
| Title |
Great British paintings from American collections : |
| Remainder of title |
Holbein to Hockney / |
| Statement of responsibility, etc. |
Malcolm Warner and Robyn Asleson ; with contributions by Julia Marciari Alexander, Brian Allen, Patrick McCaughey. |
| 260 ## - PUBLICATION, DISTRIBUTION, ETC. (IMPRINT) |
| Place of publication, distribution, etc. |
[New Haven] : |
| Name of publisher, distributor, etc. |
Yale University Press, |
| Date of publication, distribution, etc. |
c2001. |
| 300 ## - PHYSICAL DESCRIPTION |
| Extent |
ix, 262 p. : |
| Other physical details |
ill. (some col.) ; |
| Dimensions |
27 cm. |
| 500 ## - GENERAL NOTE |
| General note |
Published on occasion of the exhibition held at Yale Center for British Art, New Haven, Conn., Sept. 27-Dec. 30, 2001 and Huntington Library, Art Collections, and Botanical Gardens, San Marino, Calif., Feb. 3-May 5, 2002. |
| 504 ## - BIBLIOGRAPHY, ETC. NOTE |
| Bibliography, etc |
Includes bibliographical references and index. |
| 650 #0 - SUBJECT ADDED ENTRY--TOPICAL TERM |
| Topical term or geographic name as entry element |
Painting, British |
| Form subdivision |
Exhibitions. |
| 650 #0 - SUBJECT ADDED ENTRY--TOPICAL TERM |
| Topical term or geographic name as entry element |
Painting |
| General subdivision |
Collectors and collecting |
| Geographic subdivision |
United States |
| Form subdivision |
Exhibitions. |
| 700 1# - ADDED ENTRY--PERSONAL NAME |
| Personal name |
Asleson, Robyn, |
| Dates associated with a name |
1961- |
| 700 1# - ADDED ENTRY--PERSONAL NAME |
| Personal name |
Alexander, Julia Marciari, |
| Dates associated with a name |
1967- |
| 700 1# - ADDED ENTRY--PERSONAL NAME |
| Personal name |
Allen, Brian, |
| Dates associated with a name |
1952- |
| 700 1# - ADDED ENTRY--PERSONAL NAME |
| Personal name |
McCaughey, Patrick. |
| 710 2# - ADDED ENTRY--CORPORATE NAME |
| Corporate name or jurisdiction name as entry element |
Yale Center for British Art. |
| 710 2# - ADDED ENTRY--CORPORATE NAME |
| Corporate name or jurisdiction name as entry element |
Henry E. Huntington Library and Art Gallery. |
| 906 ## - LOCAL DATA ELEMENT F, LDF (RLIN) |
| a |
7 |
| b |
cbc |
| c |
copycat |
| d |
2 |
| e |
ncip |
| f |
20 |
| g |
y-gencatlg |
| 942 ## - ADDED ENTRY ELEMENTS (KOHA) |
| Source of classification or shelving scheme |
|
| Koha item type |
Hard Covered Materials |
| Classification part |
ND 464 .W35 2001 |